|
|
|
|
| LEADER |
01925nim a2200481 a 4500 |
| 001 |
001181728 |
| 003 |
CZ BrMZK |
| 005 |
20111219114946.0 |
| 007 |
sd^ |
| 008 |
111122s2002 xxk e p eng |
| 020 |
|
|
|a 0-582-77134-X
|q (CDs)
|
| 040 |
|
|
|a BOA001
|b cze
|
| 072 |
|
7 |
|a 811.111
|x Angličtina
|2 Konspekt
|9 11
|
| 072 |
|
7 |
|a 37.016
|x Učební osnovy. Vyučovací předměty. Učebnice
|2 Konspekt
|9 22
|
| 080 |
|
|
|a 811.111
|2 MRF
|
| 080 |
|
|
|a 316.776
|2 MRF
|
| 080 |
|
|
|a 81'373.46
|2 MRF
|
| 080 |
|
|
|a 81'23
|2 MRF
|
| 080 |
|
|
|a 371.3:004
|2 MRF
|
| 080 |
|
|
|a (07.062)81
|2 MRF
|
| 080 |
|
|
|a (07.063)81
|2 MRF
|
| 080 |
|
|
|a (086.76)
|2 MRF
|
| 100 |
1 |
|
|a Robbins, Sue
|7 pna2007397349
|4 aut
|
| 245 |
1 |
0 |
|a First insights into business
|h [zvukový záznam] :
|b class CD 1 and CD 2 /
|c Sue Robbins
|
| 260 |
|
|
|a [Harlow] :
|b Longman,
|c p2002
|
| 300 |
|
|
|a 2 zvukové desky (70 min. ; 50 min.) :
|b digital, stereo
|
| 500 |
|
|
|a Kompaktní deska (DDD)
|
| 500 |
|
|
|a Vydáno ke stejnojmenným učebnicím, sig. AK-0004.582
|
| 650 |
0 |
7 |
|a angličtina
|7 ph114056
|2 czenas
|
| 650 |
0 |
7 |
|a obchodní komunikace
|7 ph123556
|2 czenas
|
| 650 |
0 |
7 |
|a oborová terminologie
|7 ph138998
|2 czenas
|
| 650 |
0 |
7 |
|a poslech (lingvistika)
|7 ph196652
|2 czenas
|
| 650 |
0 |
7 |
|a počítačem podporovaná výuka
|7 ph138155
|2 czenas
|
| 653 |
0 |
|
|a jazyková úroveň A2
|
| 653 |
0 |
|
|a jazyková úroveň B1
|
| 655 |
|
7 |
|a jazykové učebnice, texty, příručky (A)
|7 fd600889
|2 czenas
|
| 655 |
|
7 |
|a jazykové učebnice, texty, příručky (B)
|7 fd600891
|2 czenas
|
| 655 |
|
7 |
|a kompaktní desky
|7 fd201991
|2 czenas
|
| 910 |
|
|
|a BOA001
|b CDR-1273.976,4
|
| 990 |
|
|
|a AV
|
| 991 |
|
|
|b 201112
|e n
|x 99
|
| 996 |
7 |
|
|b 2610493979
|c CDR-1273.976,4
|d CD 1
|l Anglická knihovna/2.patro
|r ZHR
|n 16
|p kup
|h CD-A 645
|w 001215334
|u 000010
|a 0
|e BOA001
|j MZK50
|s A
|
| 996 |
7 |
|
|b 2610493980
|c CDR-1273.976,4
|d CD 2
|l Anglická knihovna/2.patro
|r ZHR
|n 16
|p kup
|h CD-A 645
|w 001215334
|u 000020
|a 0
|e BOA001
|j MZK50
|s A
|